| 000 | 01798 a2200361 4500 | ||
|---|---|---|---|
| 003 | BJBSDDR | ||
| 005 | 20241126130130.0 | ||
| 007 | ta | ||
| 008 | 240717s2022 sp 00| 0 spa d | ||
| 020 | _a9788413544274 | ||
| 020 | _a8413544270 | ||
| 040 |
_bspa _cBJBSDDR |
||
| 041 | _aspa | ||
| 050 | 1 | 4 |
_aB E 125 _bA284S 2022 |
| 100 | 1 |
_aSolé, Joan, _d1970- _937318 |
|
| 245 | 1 | 0 |
_aLope de Aguirre : _bdelirio en la amazonia / _cJoan Solé ; [del perfil psicológico Vicente Garrido]. |
| 260 |
_a[Madrid], _bPrisanoticias Colecciones ; _a[Barcelona] : _bEMSE EDAPP, S.L., _c2022. |
||
| 300 |
_a128 páginas ; _c24 cm. |
||
| 440 | 0 |
_aRostros del mal _937164 |
|
| 500 | _aIncluye (páginas 119-128): Lope de Aguirre, Oñati, 1510 - El Tocuyo, 1561 : perfil psicológico / por Vicente Garrido | ||
| 505 | 0 | _a1. El sueño de el Dorado-- 2. Hacia el marañón-- 3. Rebelión contra el reino-- 4. Auge y caída de los marañones. | |
| 520 | _aLope de Aguirre ha pasado a la historia como un ser desquiciado e irreductible. Pero ¿era este conquistador español un asesino sin escrúpulos, o quizás un precedente de los movimientos de independencia que, siglos después, recorrerán la america hispánica como un reguero de pólvora? | ||
| 600 | 1 | 4 |
_aAguirre, Lope de, _d1510-1561 _939601 |
| 650 | 4 |
_aNovelas biográficas _937593 |
|
| 650 | 4 |
_aExploradores españoles _939607 _vBiografías |
|
| 650 | 4 |
_aExploradores _zAmérica del Sur _915626 _vBiografía |
|
| 650 | 4 |
_aInsurgencia _zAmérica del Sur _96916 _ySiglo XVI |
|
| 651 | 4 |
_aAmérica del Sur _xDescubrimiento y exploraciones _xEspañoles _939602 _vFuentes |
|
| 651 | 4 |
_aAmérica del Sur _xHistoria _ySiglo XVI _939605 |
|
| 700 | 1 |
_aGarrido Genovés, Vicente, _d1958- _937308 |
|
| 942 |
_2lcc _cBK |
||
| 946 | _irmza | ||
| 999 |
_c121622 _d121622 |
||